000 00697nam a22002537a 4500
003 CHAP
005 20220817041923.0
008 971013s1961 r 00010 d
010 _a28761
011 _a29733
035 _a33844
040 _cCHAP
082 _a635.9
_bL37
100 0 0 _aLawrence, Elizabeth.
_965172
245 _aGardens in winter
260 _aNew York :
_bHarper & Brothers,
_c1961
300 _a218 p.
_b: ilus.
590 _aBATCH-UPD
_b10
_c20130110
_lUCH01
_h2042
590 _aCONVERSION
_b10
_c20130109
_lUCH01
_h1316
650 1 4 _aPlantas ornamentales.
901 _aBK
942 _cLIBRO
949 _a635.9 L37
_bBC
_cLIBRO
_d33724000253217
_eLIBRO
_h71073
_i33844
_mD
_si
999 _c28761
_d28761